000 00375nam a2200145 i 4500
001 bg
100 1 _aMILEWSKI, A.
245 0 _aMateriały i wyroby z drewna :
_bPoradnik zaopatrzenia branżysty /
_cA. Milewski.
250 _aWyd.2 uzup. i popr.
260 _aWarszawa,
_c1970.
040 _cBPK
041 _apol
942 _cKS
008 s pl f |000 0 pol
999 _c5213
_d5213
856 _uhttp://koha.tu.koszalin.pl/cgi-bin/koha/opac-detail.pl?biblionumber=5213
_yKatalog online BPK